| 000 | 00406nam a22001457a 4500 | ||
|---|---|---|---|
| 020 | _a9971512572 | ||
| 040 | _cNUST | ||
| 082 |
_a547 _bMAR |
||
| 100 |
_aMarch , Jerry _91256 |
||
| 245 |
_aAdvanced Organic Chemistry: _bReactions ,Mechanisms and Structure. |
||
| 250 | _a4th Edition | ||
| 260 |
_aNew York: _bJohn Wiley $ Sons, _c1992. |
||
| 650 |
_aAdvanced Organic Chemistrt, _9123320 |
||
| 942 |
_2ddc _cBK |
||
| 999 |
_c609545 _d609545 |
||